| 000 | 00928cam a2200253 a 4500 | ||
|---|---|---|---|
| 999 |
_c57699 _d57699 |
||
| 001 | 16731124 | ||
| 005 | 20221107113110.0 | ||
| 008 | 110407s2016 paua b 001 0 eng | ||
| 010 | _a 2011015024 | ||
| 020 | _a9781455775675 1 | ||
| 080 | _a616.6 C-18 | ||
| 245 | 0 | 0 |
_aCampbell-Walsh urology : _bVolume 4 / _ceditor-in-chief, Alan J. Wein ; [editors, Louis R. Kavoussi ... et al.]. |
| 250 | _aEleventh edition | ||
| 264 |
_aPhiladelphia, PA : _bElsevier Saunders, _c2016. |
||
| 300 |
_a3598 p. _bill. _c30 cm. |
||
| 650 | 2 | 2 |
_aUrology _xmethods. _99479 |
| 653 | _aუროლოგია | ||
| 653 | _aმედიცინა | ||
| 700 | 1 |
_aWein, Alan J. _eრედაქტორი _99480 |
|
| 700 | 1 |
_aKavoussi, Louis R. _eრედაქტორი _99481 |
|
| 700 | 1 |
_aPartin, Alan W. _eრედაქტორი _99489 |
|
| 700 | 1 |
_aPeters, Craig A. _eრედაქტორი _99483 |
|
| 942 |
_2udc _cBK |
||